|
|
|
|
| LEADER |
00000nam a2200000 a 4500 |
| 001 |
vtls008407237 |
| 003 |
SK-MaSNL |
| 005 |
20260526083004.0 |
| 008 |
181109s1952 xo slo |
| 015 |
|
|
|a SKSNBA19451955-014138
|
| 035 |
|
|
|a SK01SNKBKSFS20020099454
|
| 035 |
|
|
|a SKM000101917
|
| 040 |
|
|
|a SNK
|b slo
|c SNK
|e AACR2
|
| 041 |
1 |
|
|a slo
|h cze
|
| 044 |
|
|
|a xo
|c SK
|
| 080 |
|
|
|a 91(075)
|2 1981
|
| 080 |
|
|
|a 373(075)
|2 1981
|
| 245 |
1 |
0 |
|a Zemepis pre 4. triedu gymnázií a 3. triedu vyšších hospodárskych škôl
|c [nap.] (Miroslav Blažek, Jaromír Janka, Frant. Kahoun, Antonín Komárek, Jaromír Korčák, Bohuslav Koutník, Marie Kožíšková, Oľga Kudrnovská, Karel Kuchář, Jindřich Madar, Vlasta Menclová) ; ([z čes. orig. prel.] Ján Verešík, Jozef Kosír)
|
| 260 |
|
|
|a Bratislava
|b Štátne nakladateľstvo
|c 1952
|e Bratislava
|f Ľudotypia
|
| 300 |
|
|
|a 236, [3] s.
|b [30] obr. príl.
|c V. 8°
|
| 650 |
0 |
7 |
|a zemepis
|x učebnice stredných škôl
|2 SNK
|9 309531
|
| 655 |
|
7 |
|a učebnice
|2 SNKPH
|9 22521
|
| 700 |
1 |
|
|a Blažek, Miroslav,
|d 1916-1983
|4 aut
|9 131295
|
| 700 |
1 |
|
|a Janka, Jaromír,
|d 1908-1976
|4 aut
|9 134526
|
| 700 |
1 |
|
|a Kahoun, František,
|d 1923-1967
|4 aut
|9 470455
|
| 700 |
1 |
|
|a Komárek, Antonín
|4 aut
|9 435483
|
| 700 |
1 |
|
|a Korčák, Jaromír
|4 aut
|9 289683
|
| 700 |
1 |
|
|a Koutník, Bohuslav,
|d 1891-1965
|4 aut
|9 80878
|
| 700 |
1 |
|
|a Kožíšková, Marie
|4 aut
|9 309735
|
| 700 |
1 |
|
|a Kudrnovská, Olga,
|d 1917-2003
|4 aut
|9 221144
|
| 700 |
1 |
|
|a Kuchař, Karel,
|d 1906-1975
|4 aut
|9 288655
|
| 700 |
1 |
|
|a Madar, Jindřich,
|d 1906-
|4 aut
|9 203718
|
| 700 |
1 |
|
|a Menclová, Vlasta
|4 aut
|9 643907
|
| 700 |
1 |
|
|a Verešík, Ján
|4 trl
|9 280141
|
| 700 |
1 |
|
|a Kosír, Jozef,
|d 1924-2000
|4 trl
|9 172542
|
| 852 |
|
|
|a Slovenská národná knižnica v Martine
|h SD 7798
|
| 958 |
|
|
|a OND
|
| 958 |
|
|
|a RK
|
| 958 |
|
|
|a TL
|
| 999 |
|
|
|c 995047
|d 996977
|
| 952 |
|
|
|a SNK
|b SNK
|y VYP
|7 0
|p 17A7633619
|o snkSD 7798 D1
|i snkF 4511/64
|8 5
|0 0
|1 0
|4 0
|d 2012-02-06
|l 0
|r 2026-02-24 12:01:22
|w 2026-02-24
|